000
00336nam a22001337a 4500
999
_c
13694
_d
13694
020
_a
969001126x
082
_a
808.74
_b
وک ی
100
_a
وکیل انجم
245
_a
سیاست کے فروعون
260
_a
لاہور
_b
فیروز سنز
300
_a
متفرق صفحات
650
_a
Siyasat ke Fir'on
942
_c
BK